| 000 | 00952nam a22002297a 4500 | ||
|---|---|---|---|
| 001 | 47086 | ||
| 003 | BD-RjUL | ||
| 005 | 20211209054246.0 | ||
| 008 | 160807s2005 bg ||||| |||| 00| 0 ben d | ||
| 020 |
_a9844104289 _c: TK 200.00 |
||
| 035 | _a(BD-RjUL)47205 | ||
| 040 |
_aBD-RjUL _bben _cBD-RjUL |
||
| 041 | _aben | ||
| 082 |
_223 _a327 _bHAA 2005 |
||
| 100 |
_aহালিম, মোঃ আবদুল _9143400 |
||
| 245 | 1 | 0 |
_aআন্তর্জাতিক সম্পর্কের মূলনীতি = Principles of International Relations / _cমোঃ আবদুল হালিম |
| 260 |
_aঢাকা : _bমাওলা ব্রাদার্স, _c২০০৫ [৪র্থ মুদ্রণ ২০১৫] |
||
| 300 |
_a২৭২ পৃ. ; _c২১ সেমি. |
||
| 650 |
_aআন্তর্জাতিক সম্পর্ক _9143401 |
||
| 650 |
_aInternational Relation _9143402 |
||
| 942 |
_2ddc _cBK |
||
| 999 |
_c47086 _d47086 |
||